000 00605nam a2200229Ia 4500
003 OSt
005 20220918210046.0
006 a|||||r|||| 00| 0
007 ta
008 220917b |||||||| |||| 00| 0 eng d
024 _a118,940
037 _cTextual
040 _aARTS
_cARTS
_beng
041 _2eng
_aeng
082 _aV73:19046:N5, J3
100 _aHutrewitz J C
_9116947
245 0 _aMiddle east dilemmas the background of United States policy
260 _c1953
650 _aHISTORY
942 _hV73:19046:N5, J3
_cTEXL
_2CC
999 _c242209
_d242209